Cenotvorba a cenové stratégie v konkurenčnom podnikateľskom prostredí diplomová práca

Salvato in:
Dettagli Bibliografici
Autore principale: Stašek, Miroslav Erik
Ente Autore: Fakulta podnikového manažmentu EU. Katedra podnikovohospodárska
Altri autori: Kufelová, Iveta, 1970-
Natura: Libro
Lingua:slovacco
Pubblicazione: Bratislava 2020
Tags: Aggiungi Tag
Nessun Tag, puoi essere il primo ad aggiungerne!!

MARC

LEADER 00000nbm a2200000 4500
001 0265858
005 20201126151120.7
041 0 |a slo 
044 |a SK 
245 1 0 |a Cenotvorba a cenové stratégie v konkurenčnom podnikateľskom prostredí  |b diplomová práca  |c Miroslav Erik Stašek ; školiteľ: Iveta Kufelová 
264 1 |a Bratislava  |c 2020 
300 |a 75 s. 
100 1 |a Stašek, Miroslav Erik 
700 1 |a Kufelová, Iveta, 1970- 
710 2 |a Fakulta podnikového manažmentu EU. Katedra podnikovohospodárska